000
00287nam a22001337a 4500
008
170126b xxu||||| |||| 00| 0 eng d
020
_a
2900073402016
041
_a
eng
080
_2
6TH
_a
61
100
_a
3
101
_a
MED
245
_a
PATIENT TO PAYMENT
_c
NEWBY, C
942
_2
udc
_c
BK
999
_c
3791
_d
3791